000
00190 a2200097 4500
020
_a
9781455521319
041
_a
eng
100
_a
Baldacci, david
245
_a
Kink and maxwell
942
_c
BK
999
_c
11539
_d
11539